Polskie guziki wojskowe w XX wieku
| Titel: | Polskie guziki wojskowe w XX wieku : katalog wystawy / Zbigniew Zajchowski - katalog, część opisowa ; Krzysztof Gładki, Wojciech Boczkowski - wykaz producentów guzików ; Hieronim Kroczyński - konsultacja ; Mieczysław Filipczak, Zbigniew Zajchowski - rysunki |
|---|---|
| Verfasser: | |
| Beteiligt: | ; ; |
| Veröffentlicht: | Elbląg, 1988 |
| Umfang: | 42 Seiten : Illustrationen |
| Format: | Buch |
| Sprache: | Polnisch |
X
alg: 52810239 001A $03004:18-03-25 001B $01999:18-03-25 $t22:36:28.000 001D $03004:18-03-25 001U $0utf8 001X $00 002@ $0Aau 002C $aText $btxt $2rdacontent 002D $aohne Hilfsmittel zu benutzen $bn $2rdamedia 002E $aBand $bnc $2rdacarrier 003@ $0528102397 003O $01512366793 $aOCoLC 007A $0528102397 $aHEB 010@ $apol 010E $erda 011@ $a1988 013D $RKatalog $#Exhibition catalogs $#Expositions $#Cataloghi di esposizioni $74135467-9 $8Ausstellungskatalog [Tsz] $9085499846 $y1988 $zElbląg 021A $aPolskie guziki wojskowe w XX wieku $dkatalog wystawy $hZbigniew Zajchowski - katalog, część opisowa ; Krzysztof Gładki, Wojciech Boczkowski - wykaz producentów guzików ; Hieronim Kroczyński - konsultacja ; Mieczysław Filipczak, Zbigniew Zajchowski - rysunki 028C $BVerfasser $4aut $8Zajchowski, Zbigniew [Tp3] $9500754454 028C $BHerausgeber $4edt $7 $8Gładki, Krzysztof [Tnu] $9528102222 028C $BHerausgeber $4edt $7 $8Boczkowski, Krzysztof [Tnd] $9138786992 028C $BMitwirkender $#Kroczynski, Hieronim $4ctb $71068898240 $8Kroczyński, Hieronim$Z1934-2024 [Tp3] $9357312376 033A $pElbląg 034D $a42 Seiten 034M $aIllustrationen 037A $aLiteraturverzeichnis Seite: 42 044K $RPolen-Litauen $RKongresspolen $RWestgalizien $RStaat Krakau $#Generalgouvernement Polen $#Polska $#Rzeczpospolita Polska $#Polska Rzeczpospolita Ludowa $#Poland $#Pologne $#République Polonaise $#Generalne Gubernatorstwo w Polsce $#Polish People's Republic $#Polska Rzeczpospolita Polen $#PRL $#RP $#Polen Generalgouvernement $#Polska Generalgouvernement $#Besetzte Polnische Gebiete $#Besetztes Gebiet in Polen $#Okupowane Polskie Obszary $#Obszary Okupowane w Polsce $#Volksrepublik Polen $#Polska Rosyjska $#Republic Polen $#Respublika Pol'ša $#Pol'skaja Narodnaja Respublika $#République de Pologne $#Polen Links der Weichsel $#Polska po Lewej Stronie Wisły $#Lenkija $#Polija $#Gubernija Carstva Pol'skago $#Republik Polen $74046496-9 $8Polen [Tg1] $9085129801 044K $RKleidung $#Uniforms $#Uniformes $#Uniformi $#Uniformes $#Militär Uniform $#Militär Kleidung $#Uniform Militär $#Kleidung Militär $#Uniformen $74061751-8 $8Uniform [Ts1] $9085171514 044K $RRüstung $#Militari $#Militär $#Militär $#Heerwesen $#Kriegswesen $#Streitkräfte $#Wehrwesen $#Militärwesen $#Armee Militär $74039305-7 $8Militär [Tsz] $9085107107 044K $RVerschluss $RKurzwaren $#Buttons $#Boutons $#Bottoni $#Knöpfe $74246280-0 $8Knopf [Ts1] $9086297899 045F $a355.0094380904 $eDDC23BSB 045F/01 $a355.009 045F/03 $f0904 045F/03 $g438 lok: 52810239 24 exp: 52810239 24 1 #EPN 201B/01 $018-03-25 $t09:31:44.000 201C/01 $018-03-25 201U/01 $0utf8 203@/01 $01294994247 208@/01 $a18-03-25 $bz 209A/01 $aIm Kleinschriftenkasten-jwa / 25.01311 $du $f050 $h25 01311 $x00 209C/01 $a25.01311 G $h25 01311 G 209G/01 $a74957340 $x00 220C/01 $ajwa 247C/01 $8358050-7Marburg, Bibliothek des Herder-Instituts Marburg $9102600961
| LEADER | 00000cam a2200000 c 4500 | ||
|---|---|---|---|
| 001 | 528102397 | ||
| 003 | DE-603 | ||
| 005 | 20250318223628.0 | ||
| 007 | tu | ||
| 008 | 250318s1988 xx |||| | u00||u|pol c | ||
| 035 | |a (DE-599)HEB528102397 | ||
| 035 | |a (OCoLC)1512366793 | ||
| 040 | |a DE-603 |b ger |c DE-603 |d DE-603 |e rda | ||
| 041 | |a pol | ||
| 082 | 0 | 4 | |8 1\u |a 355.0094380904 |q DE-101 |2 23/BSB |
| 085 | |8 1\u |b 355.009 | ||
| 085 | |8 1\u |z 1 |s 0904 | ||
| 085 | |8 1\u |z 2 |s 438 | ||
| 245 | 0 | 0 | |a Polskie guziki wojskowe w XX wieku |b katalog wystawy |c Zbigniew Zajchowski - katalog, część opisowa ; Krzysztof Gładki, Wojciech Boczkowski - wykaz producentów guzików ; Hieronim Kroczyński - konsultacja ; Mieczysław Filipczak, Zbigniew Zajchowski - rysunki |
| 264 | 1 | |a Elbląg |c 1988 | |
| 300 | |a 42 Seiten |b Illustrationen | ||
| 336 | |a Text |b txt |2 rdacontent | ||
| 337 | |a ohne Hilfsmittel zu benutzen |b n |2 rdamedia | ||
| 338 | |a Band |b nc |2 rdacarrier | ||
| 500 | |a Literaturverzeichnis Seite: 42 | ||
| 650 | 7 | |a Uniform |0 (DE-588)4061751-8 |0 (DE-603)085171514 |2 gnd | |
| 650 | 7 | |a Militär |0 (DE-588)4039305-7 |0 (DE-603)085107107 |2 gnd | |
| 650 | 7 | |a Knopf |0 (DE-588)4246280-0 |0 (DE-603)086297899 |2 gnd | |
| 651 | 7 | |a Polen |0 (DE-588)4046496-9 |0 (DE-603)085129801 |2 gnd | |
| 655 | 7 | |a Ausstellungskatalog |y 1988 |z Elbląg |2 gnd-content |0 (DE-588)4135467-9 |0 (DE-603)085499846 | |
| 700 | 1 | |a Zajchowski, Zbigniew |e Verfasser |4 aut |0 (DE-603)500754454 |0 (DE-588)1271151200 |2 gnd | |
| 700 | 1 | |a Gładki, Krzysztof |e Herausgeber |4 edt |0 (DE-603)528102222 | |
| 700 | 1 | |a Boczkowski, Krzysztof |e Herausgeber |4 edt |0 (DE-603)138786992 | |
| 700 | 1 | |a Kroczyński, Hieronim |d 1934-2024 |e Mitwirkender |4 ctb |0 (DE-603)357312376 |0 (DE-588)1068898240 |2 gnd | |
| 924 | 0 | |9 Mb 50 |a (DE-603)1294994247 |b DE-Mb50 |c HES |d c |g Im Kleinschriftenkasten-jwa / 25.01311 | |


